| 000 | 00618nam a2200229Ia 4500 | ||
|---|---|---|---|
| 003 | GCL | ||
| 008 | 140319s9999 xx 000 0 ara d | ||
| 040 |
_aGCL / _cGCL |
||
| 082 | 0 | 4 |
_a796.4 _bم ا |
| 100 | 1 | _aمحمد خيرى | |
| 245 | 1 | 0 |
_aالاطالة / _cمحمد خيرى |
| 260 |
_a[S.N] : _bلا يوجد ، _c1994 |
||
| 300 | _a261 ص | ||
| 490 | _a | ||
| 650 | 0 | 4 | _aالرياضة البدنية |
| 650 | 0 | 4 | _aالتمرينات الرياضية |
| 650 | 0 | 4 | _aالطب الرياضى |
| 650 | 0 | 4 | _aالشد |
| 650 | 0 | 4 | _aالعضلات |
| 650 | 0 | 4 | _aالجهاز العضلى |
| 942 |
_2ddc _cBK |
||
| 999 |
_c58900 _d58900 |
||